Postharvest Mangement Of Horticultural Crops (Record no. 90)

MARC details
000 -LEADER
fixed length control field 00393nam a22001457a 4500
020 ## - INTERNATIONAL STANDARD BOOK NUMBER
International Standard Book Number 978-81-7754-322-3
041 ## - LANGUAGE CODE
Language code of text/sound track or separate title ENG
100 ## - MAIN ENTRY--PERSONAL NAME
Personal name S.Saraawathy
245 ## - TITLE STATEMENT
Title Postharvest Mangement Of Horticultural Crops
260 ## - PUBLICATION, DISTRIBUTION, ETC. (IMPRINT)
Place of publication, distribution, etc jodhpur
Name of publisher, distributor, etc Agroblos (India )
Date of publication, distribution, etc 2019
300 ## - PHYSICAL DESCRIPTION
Extent 525
650 ## - SUBJECT ADDED ENTRY--TOPICAL TERM
Topical term or geographic name as entry element Agronomi /Horiculture
700 ## - ADDED ENTRY--PERSONAL NAME
Personal name T.L. Preethi ,S.Balasubramanyan
856 ## - ELECTRONIC LOCATION AND ACCESS
Uniform Resource Identifier Agronomi /Horiculture
Holdings
Withdrawn status Lost status Source of classification or shelving scheme Damaged status Not for loan Home library Current library Date acquired Cost, normal purchase price Total Checkouts Barcode Date last seen Date checked out Price effective from Koha item type
    Dewey Decimal Classification     College of Agricultural Engineering and Technology, Dapoli , Library College of Agricultural Engineering and Technology, Dapoli , Library 21/10/2020 2500.00 1 007580 19/11/2020 19/11/2020 21/10/2020 Books

Contact Us: College of Agricultural Engineering and Technology, Dapoli, Dist.- Ratnagiri
Website: https://dbskkv.org Email: caetlibrary2015@gmail.com